• 首页
  • 本馆介绍
  • 公告通知
  • 最新文献
  • 馆藏检索
  • 电子资源
  • 读者导购
  • 参考咨询
  • 我的图书馆
  • 登录
  • 详细信息显示
  • 放入我的书架
  • 预约/预借图书
  • 作者相关作品
  • 分类相关作品
  • 丛书相关作品
  • 出版社相关作品

书目信息

  • 表格格式
  • 工作单格式
  • 卡片格式
题名:
看视频从零开始学西班牙语
    
 
作者: 高第 编著
分册:  
出版信息: 北京   中国纺织出版社  2018.07
页数: 298页
开本: 21cm
丛书名:
单 册:
中图分类: H34
科图分类:
主题词: 西班牙语--自学参考资料
电子资源:
ISBN: 978-7-5180-4609-6
000 00798nam0 2200229 450
001 5004
005 20181013171540.95
010    @a978-7-5180-4609-6@dCNY39.80
100    @a20180714d2018 em y0chiy50 ea
101 0  @achi@aspa
102    @aCN@b110000
105    @aa z 000yy
200 1  @a看视频从零开始学西班牙语@9kan shi pin cong ling kai shi xue xi ban ya yu@f高第编著
210    @a北京@c中国纺织出版社@d2018.07
215    @a298页@c图@d21cm
300    @a毕昂小语种 101
330    @a本书从最基础的西班牙语字母和发音规则入门,到日常生活、交流表达、当地生活、求学职场、文化概况等,涵盖了去西班牙语国家旅游、生活或是工作能够用到的各个方面。
606 0  @a西班牙语@j自学参考资料
690    @aH34@v5
701  0 @a高第@9gao di@4编著
801  0 @aCN@b91MARC@c20180714
905    @aMuseLib@dH34@e25
    
    看视频从零开始学西班牙语/高第编著.-北京:中国纺织出版社,2018.07
    298页:图;21cm
    毕昂小语种 101
    
    ISBN 978-7-5180-4609-6:CNY39.80
    本书从最基础的西班牙语字母和发音规则入门,到日常生活、交流表达、当地生活、求学职场、文化概况等,涵盖了去西班牙语国家旅游、生活或是工作能够用到的各个方面。
●
相关链接 在E读中查询图书 在五车中查询图书 在当当中查询图书 在豆瓣中查询图书


正题名:看视频从零开始学西班牙语     索取号:H34/25         预约/预借

序号 登录号 条形码 馆藏地/架位号 状态 备注
1 1127684   211276849   第二样本阅览室/ [索取号:H34/25] 在馆    
2 1127685   211276858   第四借阅区/ [索取号:H34/25] 在馆    
3 1127686   211276867   第四借阅区/ [索取号:H34/25] 在馆    
4 1127687   211276876   第四借阅区/ [索取号:H34/25] 在馆    
5 1127688   211276885   密集书库—外国语学院/ [索取号:H34/25] 在馆    
唐山师范学院图书馆 欢迎您!
大连网信软件有限公司© 版权所有